[Event "SM-2020-0-00427"]
[Site "LSS email"]
[Date "2020.04.17"]
[Round "?"]
[White "Rita, Giacomo"]
[Black "Jarabinsky, Martin"]
[Result "1-0"]
[WhiteElo "2301"]
[BlackElo "2287"]
[PlyCount "65"]
[EventDate "2020.04.01"]
[EventType "tourn (corr)"]
[EventRounds "6"]
[EventCountry "GER"]
[SourceTitle "Corr 2024"]
[Source "ChessBase"]
[SourceDate "2023.10.19"]
[SourceVersion "1"]
[SourceVersionDate "2023.10.19"]
[SourceQuality "1"]

1. e4 e6 2. d4 d5 3. Nc3 Bb4 4. e5 c5 5. a3 Bxc3+ 6. bxc3 Ne7 7. Qg4 0-0 8. Bd3 f5 9. exf6 Rxf6 10. Bg5 Rf7 11. Qh5 g6 12. Qd1 Qa5 13. Bd2 Nbc6 14. Nf3 c4 15. Be2 Nf5 16. 0-0 Bd7 17. a4 h6 18. h3 Kh7 19. Rb1 Nd6 20. Re1 Ne4 21. Rxb7 Qxa4 22. Bc1 Raf8 23. Bf1 Qa6 24. Rb3 Qc8 25. Ra3 Qc7 26. Ra1 a5 27. Re3 Rf4 28. Qe1 Nd6 29. Rxe6 Rxf3 30. gxf3 Nf5 31. Ba3 Rg8 32. Rf6 Kg7 33. Re6 1-0

[Event "ZH-2020-0-01827"]
[Site "LSS email"]
[Date "2020.02.24"]
[Round "?"]
[White "Jarabinsky, Martin"]
[Black "Tylecek, Drahomir"]
[Result "1/2-1/2"]
[WhiteElo "2276"]
[BlackElo "2031"]
[PlyCount "44"]
[EventDate "2020.02.11"]
[EventType "match (corr)"]
[EventRounds "2"]
[EventCountry "GER"]
[SourceTitle "Corr 2022"]
[Source "ChessBase"]
[SourceDate "2021.10.24"]
[SourceVersion "1"]
[SourceVersionDate "2021.10.24"]
[SourceQuality "1"]

1. c4 e5 2. Nc3 Nf6 3. g3 Bc5 4. Bg2 0-0 5. Nf3 Nc6 6. Nxe5 Bxf2+ 7. Kxf2 Nxe5 8. b3 d5 9. cxd5 c6 10. Rf1 Nxd5 11. Nxd5 cxd5 12. Kg1 Be6 13. Bb2 Qd6 14. a4 Rfe8 15. Rc1 f6 16. Rf4 Rad8 17. a5 Qd7 18. Qf1 Qb5 19. b4 Qd7 20. Bd4 a6 21. e3 Rc8 22. Rc3 Rxc3 1/2-1/2

[Event "SM-2020-0-00420"]
[Site "LSS email"]
[Date "2020.02.06"]
[Round "?"]
[White "Khanas, Valeriy"]
[Black "Jarabinsky, Martin"]
[Result "1/2-1/2"]
[WhiteElo "2345"]
[BlackElo "2271"]
[PlyCount "40"]
[EventDate "2020.01.18"]
[EventType "tourn (corr)"]
[EventRounds "6"]
[EventCountry "GER"]
[SourceTitle "Corr 2022"]
[Source "ChessBase"]
[SourceDate "2021.10.24"]
[SourceVersion "1"]
[SourceVersionDate "2021.10.24"]
[SourceQuality "1"]

1. d4 d5 2. c4 e6 3. Nc3 Nf6 4. cxd5 exd5 5. Bg5 c6 6. e3 Be7 7. Bd3 0-0 8. Qc2 h6 9. Bh4 Re8 10. Nge2 a5 11. 0-0 Nbd7 12. Rac1 Nb6 13. h3 Nh5 14. Bxe7 Qxe7 15. b3 g6 16. Nb1 Qg5 17. Kh1 Ng7 18. Ng3 Bd7 19. Nd2 Qf6 20. Rcd1 Red8 1/2-1/2